[Event "High League 2022 women"]
[Site "Obninsk"]
[Date "2022.07.02"]
[Round "6.5"]
[White "Garifullina, Leya"]
[Black "Girya, Olga"]
[Result "1-0"]
[LiveChessVersion "1.4.7"]
[BlackElo "2407"]
[WhiteElo "2398"]

1. e4 {[%clk 1:30:57]} e5 {[%clk 1:30:13]} 2. Nf3 {[%clk 1:31:11]} Nc6
{[%clk 1:30:38]} 3. Bb5 {[%clk 1:31:34]} a6 {[%clk 1:31:04]} 4. Ba4
{[%clk 1:31:55]} Nf6 {[%clk 1:31:29]} 5. O-O {[%clk 1:32:04]} Nxe4
{[%clk 1:31:48]} 6. d4 {[%clk 1:32:23]} b5 {[%clk 1:31:59]} 7. Bb3
{[%clk 1:32:45]} d5 {[%clk 1:32:25]} 8. dxe5 {[%clk 1:33:06]} Be6
{[%clk 1:32:52]} 9. c3 {[%clk 1:32:49]} Be7 {[%clk 1:32:30]} 10. Bc2
{[%clk 1:32:27]} Bg4 {[%clk 1:29:55]} 11. Qe1 {[%clk 1:32:26]} Nc5
{[%clk 1:24:55]} 12. Nd4 {[%clk 1:32:07]} Nxd4 {[%clk 1:22:55]} 13. cxd4
{[%clk 1:31:20]} Ne6 {[%clk 1:23:21]} 14. Qd2 {[%clk 1:30:43]} g6
{[%clk 0:49:41]} 15. h3 {[%clk 1:19:47]} Bf5 {[%clk 0:50:05]} 16. Bxf5
{[%clk 1:19:08]} gxf5 {[%clk 0:50:34]} 17. Qd3 {[%clk 1:17:55]} Qd7
{[%clk 0:46:44]} 18. Nc3 {[%clk 1:13:48]} f4 {[%clk 0:24:20]} 19. a4
{[%clk 1:07:40]} bxa4 {[%clk 0:16:25]} 20. Rd1 {[%clk 0:59:06]} Rg8
{[%clk 0:14:18]} 21. Kh2 {[%clk 0:56:01]} Rg6 {[%clk 0:13:44]} 22. Qf3
{[%clk 0:48:20]} c6 {[%clk 0:04:36]} 23. Bxf4 {[%clk 0:44:18]} Rb8
{[%clk 0:05:03]} 24. Rxa4 {[%clk 0:42:25]} Rxb2 {[%clk 0:05:13]} 25. Be3
{[%clk 0:39:20]} Qb7 {[%clk 0:04:34]} 26. Rda1 {[%clk 0:38:33]} Qb3
{[%clk 0:02:15]} 27. Ne2 {[%clk 0:37:48]} Qc2 {[%clk 0:00:50]} 28. Ng3
{[%clk 0:36:08]} Nc7 {[%clk 0:00:57]} 29. Rxa6 {[%clk 0:32:09]} Nxa6
{[%clk 0:01:21]} 30. Rxa6 {[%clk 0:32:37]} Rb8 {[%clk 0:00:59]} 31. Ra7
{[%clk 0:32:19]} Rd8 {[%clk 0:00:36]} 32. Qh5 {[%clk 0:29:03]} Rd7
{[%clk 0:00:50]} 33. Rxd7 {[%clk 0:28:40]} Kxd7 {[%clk 0:01:15]} 34. Qxh7
{[%clk 0:29:00]} Ke8 {[%clk 0:01:01]} 35. h4 {[%clk 0:27:55]} Qd1
{[%clk 0:00:48]} 36. h5 {[%clk 0:28:12]} Rg4 {[%clk 0:01:03]} 37. Nf5
{[%clk 0:27:50]} Qf1 {[%clk 0:00:36]} 38. g3 {[%clk 0:28:12]} Qe2
{[%clk 0:00:33]} 39. Nh6 {[%clk 0:27:43]} Rf4 {[%clk 0:00:34]} 40. gxf4
{[%clk 0:56:37]} Qxh5+ {[%clk 0:31:00]} 41. Kg2 {[%clk 0:57:01]} Bf8
{[%clk 0:30:52]} 42. f5 {[%clk 0:56:24]} Bxh6 {[%clk 0:30:56]} 43. Qxh6
{[%clk 0:56:48]} Qxf5 {[%clk 0:30:50]} 44. Qxc6+ {[%clk 0:57:13]} Kf8
{[%clk 0:31:16]} 45. Qd6+ {[%clk 0:56:57]} Ke8 {[%clk 0:31:17]} 46. Qc6+
{[%clk 0:56:38]} Kf8 {[%clk 0:31:34]} 47. Qh6+ {[%clk 0:56:10]} Ke8
{[%clk 0:31:53]} 48. Kg3 {[%clk 0:56:31]} 1-0

[Event "High League 2022 women"]
[Site "Obninsk"]
[Date "2022.07.02"]
[Round "6.6"]
[White "Kovalevskaya, Ekaterina"]
[Black "Karmanova, Olga Dm."]
[Result "1/2-1/2"]
[LiveChessVersion "1.4.7"]
[BlackElo "2157"]
[WhiteElo "2364"]

1. e4 {[%clk 1:30:52]} c6 {[%clk 1:31:16]} 2. d4 d5 {[%clk 1:31:39]} 3. Nc3
{[%clk 1:30:56]} dxe4 {[%clk 1:32:02]} 4. Nxe4 {[%clk 1:31:43]} Bf5
{[%clk 1:32:27]} 5. Ng3 {[%clk 1:30:54]} Bg6 {[%clk 1:28:57]} 6. Nh3 Nf6 7. Nf4
{[%clk 1:30:33]} e5 {[%clk 1:27:06]} 8. dxe5 {[%clk 1:26:02]} Qa5+
{[%clk 1:26:20]} 9. c3 {[%clk 1:24:46]} Qxe5+ {[%clk 1:09:28]} 10. Be2
{[%clk 1:16:42]} Qc7 11. Nfh5 Nxh5 {[%clk 1:02:06]} 12. Nxh5 {[%clk 1:17:03]}
Bxh5 {[%clk 0:59:00]} 13. Bxh5 {[%clk 1:06:01]} Be7 {[%clk 0:56:18]} 14. O-O
{[%clk 0:47:38]} O-O {[%clk 0:54:09]} 15. Re1 Bf6 16. Be3 {[%clk 0:34:42]} Nd7
{[%clk 0:51:01]} 17. Qb3 Rad8 18. a4 {[%clk 0:26:50]} Qa5 {[%clk 0:38:38]} 19.
Be2 Nb6 20. Bf3 {[%clk 0:12:13]} Rd7 {[%clk 0:26:18]} 21. h3 {[%clk 0:06:41]} h6
22. Bg4 {[%clk 0:06:41]} Re7 {[%clk 0:19:42]} 23. Bxb6 {[%clk 0:03:47]} Rxe1+
{[%clk 0:18:54]} 24. Rxe1 {[%clk 0:04:15]} axb6 {[%clk 0:17:52]} 25. Rd1
{[%clk 0:00:57]} Qc5 {[%clk 0:13:12]} 26. Kf1 {[%clk 0:01:10]} Qe5
{[%clk 0:12:54]} 27. Kg1 {[%clk 0:01:00]} Qc5 {[%clk 0:13:11]} 28. Kf1
{[%clk 0:01:24]} Qe5 29. Kg1 Qc5 {[%clk 0:07:52]} 30. Kf1 {[%clk 0:01:52]} Qe5
{[%clk 0:07:21]} 31. Kg1 {[%clk 0:01:32]} Qc5 {[%clk 0:07:41]} 1/2-1/2

[Event "High League 2022 women"]
[Site "Obninsk"]
[Date "2022.07.02"]
[Round "6.8"]
[White "Grigorieva, Yulia"]
[Black "Yakimova, Mariya"]
[Result "0-1"]
[LiveChessVersion "1.4.7"]
[BlackElo "2201"]
[WhiteElo "2218"]

1. d4 {[%clk 1:30:57]} Nf6 {[%clk 1:30:56]} 2. c4 {[%clk 1:31:23]} g6
{[%clk 1:31:22]} 3. Nc3 {[%clk 1:31:49]} Bg7 {[%clk 1:31:49]} 4. e4
{[%clk 1:32:15]} d6 {[%clk 1:32:16]} 5. Nf3 {[%clk 1:32:40]} O-O {[%clk 1:32:40]}
6. Be2 {[%clk 1:33:05]} e5 {[%clk 1:33:05]} 7. O-O {[%clk 1:33:16]} Qe8
{[%clk 1:33:49]} 8. dxe5 {[%clk 1:08:30]} dxe5 {[%clk 1:27:03]} 9. Bg5
{[%clk 0:50:56]} Na6 {[%clk 1:20:17]} 10. Qc2 h6 {[%clk 1:20:40]} 11. Bxf6
{[%clk 0:45:39]} Bxf6 12. c5 c6 {[%clk 1:16:20]} 13. Nd1 {[%clk 0:32:38]} Nc7
{[%clk 1:14:53]} 14. Ne3 {[%clk 0:32:24]} Qe7 15. Rad1 Bg7 {[%clk 1:10:30]} 16.
b4 {[%clk 0:24:44]} f5 {[%clk 0:58:23]} 17. Rd6 {[%clk 0:18:36]} Kh7 18. exf5
{[%clk 0:11:10]} gxf5 {[%clk 0:29:06]} 19. g3 Ne8 {[%clk 0:11:24]} 20. Rdd1
{[%clk 0:10:40]} e4 {[%clk 0:11:44]} 21. Nh4 {[%clk 0:10:09]} Be6
{[%clk 0:11:03]} 22. Bh5 {[%clk 0:06:20]} Qg5 {[%clk 0:10:01]} 23. Bg6+
{[%clk 0:03:04]} Kg8 {[%clk 0:09:35]} 24. f4 {[%clk 0:02:04]} exf3
{[%clk 0:09:42]} 25. Rxf3 {[%clk 0:01:23]} Nc7 26. Nexf5 {[%clk 0:01:23]} a5
{[%clk 0:07:38]} 27. Ne7+ {[%clk 0:00:44]} Kh8 {[%clk 0:07:27]} 28. Be4
{[%clk 0:00:44]} Rxf3 {[%clk 0:06:13]} 29. Nhg6+ {[%clk 0:00:55]} Kh7
{[%clk 0:06:38]} 30. Bxf3 {[%clk 0:00:58]} Bf6 {[%clk 0:05:23]} 31. Nf4+
{[%clk 0:00:38]} Kg7 {[%clk 0:04:59]} 32. Neg6 {[%clk 0:00:51]} axb4
{[%clk 0:03:39]} 33. Nxe6+ {[%clk 0:00:51]} Nxe6 {[%clk 0:04:08]} 34. Rd7+
{[%clk 0:01:06]} Kg8 {[%clk 0:04:35]} 35. Ne5 {[%clk 0:00:39]} Bg7
{[%clk 0:04:20]} 36. Nd3 {[%clk 0:00:36]} Qe3+ {[%clk 0:04:03]} 37. Kg2
{[%clk 0:01:04]} Nd4 {[%clk 0:02:00]} 38. Qc4+ {[%clk 0:00:39]} Kh8
{[%clk 0:01:49]} 39. Bh5 {[%clk 0:30:37]} Qe4+ {[%clk 0:31:45]} 40. Kh3
{[%clk 0:30:55]} Qf5+ 41. Bg4 {[%clk 0:31:20]} Qf1+ {[%clk 0:09:45]} 42. Kh4 Qf6+
{[%clk 0:05:37]} 43. Kh3 {[%clk 0:31:45]} Qf1+ {[%clk 0:06:06]} 44. Kh4
{[%clk 0:32:07]} b5 45. Qf7 {[%clk 0:12:51]} Qxf7 {[%clk 0:05:52]} 46. Rxf7
{[%clk 0:11:01]} Rxa2 47. Nxb4 Rxh2+ {[%clk 0:05:28]} 48. Bh3 {[%clk 0:11:30]}
Kh7 {[%clk 0:02:56]} 49. g4 {[%clk 0:07:33]} Kg6 {[%clk 0:02:53]} 50. Rf1
{[%clk 0:07:26]} Bf6+ {[%clk 0:02:31]} 51. Kg3 {[%clk 0:06:16]} Be5+
{[%clk 0:02:54]} 52. Kh4 {[%clk 0:06:40]} Ne2 {[%clk 0:02:20]} 53. g5
{[%clk 0:05:44]} h5 {[%clk 0:01:34]} 54. Rf3 {[%clk 0:05:28]} Bf4
{[%clk 0:01:34]} 55. Rxf4 {[%clk 0:05:31]} Nxf4 {[%clk 0:02:01]} 56. Kg3
{[%clk 0:05:57]} Rxh3+ {[%clk 0:02:24]} 57. Kxf4 {[%clk 0:06:24]} Rh4+ 0-1

[Event "High League 2022 women"]
[Site "Obninsk"]
[Date "2022.07.02"]
[Round "6.9"]
[White "Filippova, Margarita"]
[Black "Miroshnik, Ekaterina"]
[Result "1-0"]
[LiveChessVersion "1.4.7"]
[BlackElo "2169"]
[WhiteElo "1955"]

1. Nf3 {[%clk 1:30:57]} c5 {[%clk 1:30:56]} 2. d4 {[%clk 1:31:25]} cxd4 3. Nxd4
d6 {[%clk 1:24:41]} 4. c4 {[%clk 1:30:38]} Nf6 {[%clk 1:21:14]} 5. Nc3
{[%clk 1:29:02]} Nc6 6. e4 g6 {[%clk 1:12:44]} 7. Be2 {[%clk 1:29:14]} Bg7
{[%clk 1:12:59]} 8. Be3 O-O {[%clk 1:11:16]} 9. O-O {[%clk 1:26:38]} Bd7
{[%clk 1:07:48]} 10. f3 Qa5 11. Qd2 {[%clk 1:22:01]} Rfc8 {[%clk 0:57:06]} 12.
Rfd1 {[%clk 1:17:46]} Qd8 {[%clk 0:50:58]} 13. Rac1 {[%clk 1:16:22]} Ne5 14. b3
h5 {[%clk 0:45:11]} 15. h3 {[%clk 1:12:00]} Nc6 {[%clk 0:39:09]} 16. f4 Qe8
{[%clk 0:28:32]} 17. Bf3 {[%clk 1:02:27]} Nxd4 {[%clk 0:21:56]} 18. Bxd4 Bc6
{[%clk 0:14:16]} 19. Qf2 {[%clk 0:54:33]} a5 {[%clk 0:12:27]} 20. e5
{[%clk 0:46:09]} dxe5 21. fxe5 Nd7 {[%clk 0:08:50]} 22. Re1 {[%clk 0:42:00]} Nf8
{[%clk 0:05:18]} 23. Nd5 {[%clk 0:39:25]} Ne6 {[%clk 0:04:57]} 24. Bb2
{[%clk 0:36:47]} Rd8 {[%clk 0:01:47]} 25. a4 Rab8 26. Qh4 {[%clk 0:31:29]} Rd7
{[%clk 0:01:06]} 27. Ba3 {[%clk 0:27:36]} Bf8 {[%clk 0:01:28]} 28. Rc3
{[%clk 0:25:56]} Ng7 {[%clk 0:01:03]} 29. g4 {[%clk 0:21:07]} Bxd5
{[%clk 0:00:42]} 30. cxd5 {[%clk 0:20:25]} e6 {[%clk 0:00:47]} 31. d6
{[%clk 0:19:49]} Rc8 32. Rec1 {[%clk 0:20:17]} Rxc3 {[%clk 0:00:36]} 33. Rxc3 Kh7
34. gxh5 {[%clk 0:17:24]} Nf5 {[%clk 0:00:46]} 35. hxg6+ {[%clk 0:17:35]} Kxg6
{[%clk 0:01:13]} 36. Be4 {[%clk 0:16:33]} Bh6 {[%clk 0:01:39]} 37. Rg3+
{[%clk 0:16:06]} Kh7 {[%clk 0:02:05]} 38. Bc1 {[%clk 0:14:15]} Qf8
{[%clk 0:02:22]} 39. Bxf5+ {[%clk 0:12:26]} exf5 {[%clk 0:02:48]} 40. Qh5
{[%clk 0:42:09]} 1-0

[Event "High League 2022 women"]
[Site "Obninsk"]
[Date "2022.07.02"]
[Round "6.10"]
[White "Paramzina, Anastasya"]
[Black "Semenova, Elena"]
[Result "1/2-1/2"]
[LiveChessVersion "1.4.7"]
[BlackElo "2296"]
[WhiteElo "2256"]

1. e4 {[%clk 1:27:38]} e5 2. Nf3 {[%clk 1:28:03]} Nc6 {[%clk 1:31:03]} 3. Bc4
{[%clk 1:28:28]} Nf6 {[%clk 1:31:17]} 4. d3 {[%clk 1:28:50]} Bc5 {[%clk 1:31:03]}
5. O-O {[%clk 1:28:51]} O-O {[%clk 1:30:40]} 6. h3 {[%clk 1:29:06]} d5 7. exd5
{[%clk 1:29:06]} Nxd5 {[%clk 1:31:03]} 8. a4 {[%clk 1:27:47]} a6 9. Nc3
{[%clk 1:22:03]} Nxc3 {[%clk 1:17:12]} 10. bxc3 {[%clk 1:07:02]} Bf5
{[%clk 0:59:48]} 11. Re1 {[%clk 0:39:36]} Bg6 12. Bb2 Bd6 {[%clk 0:55:19]} 13. d4
{[%clk 0:39:05]} Re8 {[%clk 0:47:36]} 14. Ba2 Kh8 15. d5 {[%clk 0:25:23]} Nb8
{[%clk 0:37:30]} 16. c4 {[%clk 0:23:47]} Nd7 {[%clk 0:37:49]} 17. c5
{[%clk 0:21:23]} Bxc5 18. Nxe5 {[%clk 0:13:37]} Nxe5 {[%clk 0:34:18]} 19. Rxe5
{[%clk 0:14:00]} Bxf2+ {[%clk 0:27:07]} 20. Kxf2 {[%clk 0:14:26]} Qf6+
{[%clk 0:27:30]} 21. Qf3 {[%clk 0:14:45]} Rxe5 {[%clk 0:27:37]} 22. Bxe5
{[%clk 0:15:10]} Qxe5 {[%clk 0:27:31]} 23. Re1 {[%clk 0:15:48]} Qd4+
{[%clk 0:25:09]} 24. Qe3 Qxa4 {[%clk 0:17:42]} 25. Bb3 {[%clk 0:13:03]} Qd7
{[%clk 0:17:46]} 26. Qe7 {[%clk 0:13:13]} Qxe7 {[%clk 0:15:24]} 27. Rxe7
{[%clk 0:13:37]} Rc8 {[%clk 0:14:55]} 28. Ke3 {[%clk 0:10:23]} Kg8
{[%clk 0:13:27]} 29. d6 {[%clk 0:10:39]} cxd6 {[%clk 0:13:27]} 30. Rxb7
{[%clk 0:11:04]} Kf8 31. Ra7 Rc5 {[%clk 0:10:04]} 32. Rxa6 {[%clk 0:05:10]} Bxc2
{[%clk 0:06:57]} 33. Ra8+ {[%clk 0:05:35]} Ke7 {[%clk 0:07:26]} 34. Ra7+
{[%clk 0:06:00]} Kf6 {[%clk 0:07:36]} 35. Bxf7 {[%clk 0:06:08]} Re5+
{[%clk 0:07:02]} 36. Kd4 {[%clk 0:02:58]} Re2 {[%clk 0:04:22]} 37. g3
{[%clk 0:02:31]} Rg2 {[%clk 0:03:26]} 38. g4 {[%clk 0:01:54]} Rg3
{[%clk 0:03:17]} 39. Be8 {[%clk 0:30:33]} Bg6 {[%clk 0:31:03]} 40. Bd7
{[%clk 0:30:12]} Kg5 41. Bc8 {[%clk 0:30:36]} Rd3+ {[%clk 0:18:14]} 42. Kc4
{[%clk 0:30:59]} d5+ {[%clk 0:14:27]} 43. Kb4 {[%clk 0:31:23]} Rxh3 44. Rxg7 Kf4
{[%clk 0:10:51]} 45. Be6 {[%clk 0:27:28]} Ke5 {[%clk 0:10:49]} 46. Bg8
{[%clk 0:27:32]} d4 {[%clk 0:08:33]} 47. Rd7 {[%clk 0:24:59]} d3 {[%clk 0:04:35]}
48. Kc3 {[%clk 0:23:59]} Kf4 {[%clk 0:04:07]} 49. Bc4 {[%clk 0:23:23]} Be4
{[%clk 0:00:44]} 50. Rd4 {[%clk 0:20:18]} Re3 {[%clk 0:00:55]} 51. Bxd3
{[%clk 0:20:44]} Rxd3+ {[%clk 0:01:23]} 52. Rxd3 {[%clk 0:21:09]} Bxd3 53. Kxd3
{[%clk 0:21:34]} Kxg4 {[%clk 0:01:50]} 54. Ke2 {[%clk 0:22:00]} Kg3
{[%clk 0:02:18]} 55. Kf1 1/2-1/2

[Event "High League 2022 women"]
[Site "Obninsk"]
[Date "2022.07.02"]
[Round "6.11"]
[White "Nur-Mukhametova, Alisa"]
[Black "Tomilova, Elena"]
[Result "0-1"]
[LiveChessVersion "1.4.7"]
[BlackElo "2278"]
[WhiteElo "2172"]

1. d4 {[%clk 1:30:54]} Nf6 {[%clk 1:30:53]} 2. c4 {[%clk 1:31:09]} e6
{[%clk 1:31:19]} 3. g3 {[%clk 1:30:55]} d5 {[%clk 1:31:32]} 4. Bg2
{[%clk 1:31:05]} c6 {[%clk 1:31:37]} 5. Nf3 {[%clk 1:30:25]} dxc4
{[%clk 1:31:49]} 6. Ne5 {[%clk 1:26:07]} Bb4+ {[%clk 1:31:37]} 7. Nc3
{[%clk 1:09:46]} Nd5 {[%clk 1:31:40]} 8. Bd2 {[%clk 1:08:16]} Nb6
{[%clk 1:31:52]} 9. e3 {[%clk 1:07:25]} N8d7 {[%clk 1:27:06]} 10. Nf3
{[%clk 1:02:54]} O-O {[%clk 1:26:26]} 11. O-O {[%clk 1:02:03]} Re8
{[%clk 1:21:31]} 12. Ne4 {[%clk 0:58:22]} Bf8 {[%clk 1:15:40]} 13. Ba5
{[%clk 0:48:55]} Qe7 {[%clk 1:05:22]} 14. Ne5 {[%clk 0:44:59]} f6
{[%clk 0:59:34]} 15. Nxd7 {[%clk 0:42:34]} Bxd7 {[%clk 0:47:09]} 16. Nd2
{[%clk 0:26:36]} e5 {[%clk 0:42:59]} 17. dxe5 {[%clk 0:25:38]} fxe5
{[%clk 0:42:59]} 18. Rc1 {[%clk 0:17:47]} Be6 {[%clk 0:41:39]} 19. Bc3
{[%clk 0:16:23]} Bf7 {[%clk 0:38:22]} 20. e4 {[%clk 0:12:54]} Nd7
{[%clk 0:36:52]} 21. f4 {[%clk 0:11:32]} b5 {[%clk 0:36:29]} 22. b4
{[%clk 0:08:31]} a5 {[%clk 0:32:41]} 23. a3 {[%clk 0:08:28]} axb4
{[%clk 0:32:31]} 24. axb4 {[%clk 0:08:25]} Ra3 {[%clk 0:32:44]} 25. Nf3
{[%clk 0:07:13]} Bh5 {[%clk 0:24:05]} 26. Qd2 {[%clk 0:06:27]} c5
{[%clk 0:14:36]} 27. fxe5 {[%clk 0:02:16]} Rxc3 {[%clk 0:14:26]} 28. Rxc3
{[%clk 0:02:15]} cxb4 {[%clk 0:14:50]} 29. Rcc1 {[%clk 0:02:36]} Nxe5
{[%clk 0:13:08]} 30. Nxe5 {[%clk 0:02:04]} Qc5+ {[%clk 0:12:53]} 31. Kh1
{[%clk 0:01:46]} Rxe5 {[%clk 0:13:15]} 32. Qf4 {[%clk 0:01:25]} b3
{[%clk 0:11:33]} 33. Rcd1 {[%clk 0:01:20]} g5 {[%clk 0:10:18]} 34. Qf6
{[%clk 0:01:00]} Qe7 {[%clk 0:10:31]} 35. Rd8 {[%clk 0:00:39]} Qxf6
{[%clk 0:09:26]} 36. Rxf6 {[%clk 0:01:07]} Re8 {[%clk 0:09:36]} 37. Rd5
{[%clk 0:01:16]} b4 {[%clk 0:07:53]} 38. Rxg5+ {[%clk 0:01:32]} Bg6
{[%clk 0:08:17]} 39. Bf1 {[%clk 0:01:04]} Rc8 {[%clk 0:07:34]} 40. Rf2
{[%clk 0:30:33]} c3 {[%clk 0:37:13]} 41. Bd3 {[%clk 0:29:46]} c2 {[%clk 0:37:13]}
0-1

[Event "High League 2022 women"]
[Site "Obninsk"]
[Date "2022.07.02"]
[Round "6.12"]
[White "Potapova, Margarita"]
[Black "Getman, Tatyana"]
[Result "1-0"]
[LiveChessVersion "1.4.7"]
[BlackElo "2148"]
[WhiteElo "2216"]

1. d4 {[%clk 1:30:55]} d5 {[%clk 1:30:51]} 2. c4 {[%clk 1:31:14]} e6
{[%clk 1:31:15]} 3. Nc3 {[%clk 1:27:46]} c6 {[%clk 1:31:29]} 4. e4
{[%clk 1:27:44]} dxe4 {[%clk 1:31:45]} 5. Nxe4 {[%clk 1:28:09]} Bb4+
{[%clk 1:32:00]} 6. Bd2 {[%clk 1:28:34]} Qxd4 {[%clk 1:31:55]} 7. Bxb4
{[%clk 1:29:00]} Qxe4+ {[%clk 1:32:19]} 8. Be2 {[%clk 1:26:22]} Na6
{[%clk 1:31:38]} 9. Ba5 {[%clk 1:26:37]} b6 {[%clk 1:31:59]} 10. Qd6
{[%clk 1:25:43]} Bd7 {[%clk 1:31:37]} 11. Bc3 {[%clk 1:20:51]} f6
{[%clk 1:23:29]} 12. O-O-O {[%clk 1:19:55]} O-O-O {[%clk 1:21:14]} 13. Qa3
{[%clk 1:20:07]} Kb7 {[%clk 1:15:41]} 14. Bf3 {[%clk 1:20:30]} Qf4+
{[%clk 1:13:35]} 15. Rd2 {[%clk 1:20:53]} Nb8 {[%clk 1:06:11]} 16. Ne2
{[%clk 1:13:55]} Qxc4 {[%clk 1:00:05]} 17. Rhd1 {[%clk 1:04:55]} Qc5
{[%clk 0:28:38]} 18. Qxc5 {[%clk 1:00:43]} bxc5 {[%clk 0:29:03]} 19. Ba5
{[%clk 1:01:08]} Ne7 {[%clk 0:28:03]} 20. Bxd8 {[%clk 0:48:50]} Rxd8
{[%clk 0:28:28]} 21. Nc3 {[%clk 0:49:04]} Nd5 {[%clk 0:24:28]} 22. Na4
{[%clk 0:48:55]} Na6 {[%clk 0:24:11]} 23. Be2 {[%clk 0:48:50]} Bc8
{[%clk 0:23:00]} 24. b3 {[%clk 0:42:30]} Kc7 {[%clk 0:19:35]} 25. Kb2
{[%clk 0:39:30]} Re8 {[%clk 0:15:15]} 26. Bxa6 {[%clk 0:32:38]} Bxa6
{[%clk 0:15:42]} 27. Nxc5 {[%clk 0:32:55]} Bc8 {[%clk 0:15:55]} 28. Rd4
{[%clk 0:30:57]} e5 {[%clk 0:13:37]} 29. Ra4 {[%clk 0:30:34]} Kb6
{[%clk 0:13:58]} 30. Rc4 {[%clk 0:24:47]} Kc7 {[%clk 0:06:57]} 31. g3
{[%clk 0:22:40]} Re7 {[%clk 0:06:01]} 32. b4 {[%clk 0:21:22]} a6 {[%clk 0:05:09]}
33. a3 {[%clk 0:20:59]} Nb6 {[%clk 0:04:27]} 34. Rc2 {[%clk 0:20:45]} Nd7
{[%clk 0:03:59]} 35. Nb3 {[%clk 0:19:54]} Nb8 {[%clk 0:03:37]} 36. a4
{[%clk 0:19:50]} Bg4 {[%clk 0:03:16]} 37. Rdd2 {[%clk 0:15:16]} Be6
{[%clk 0:02:17]} 38. Na5 {[%clk 0:12:19]} Bd7 {[%clk 0:01:58]} 39. Ka3
{[%clk 0:10:53]} Kb6 {[%clk 0:01:35]} 40. Rc1 {[%clk 0:39:36]} Be8
{[%clk 0:30:34]} 41. Nc4+ {[%clk 0:33:18]} Ka7 {[%clk 0:21:19]} 42. Rd8
{[%clk 0:29:33]} Bf7 {[%clk 0:20:06]} 43. Nd6 {[%clk 0:29:08]} Be6
{[%clk 0:20:13]} 44. Re8 {[%clk 0:28:21]} Rxe8 {[%clk 0:20:24]} 45. Nxe8
{[%clk 0:28:47]} Kb7 46. Nxg7 {[%clk 0:28:57]} Bd5 {[%clk 0:19:43]} 47. Nf5
{[%clk 0:27:06]} Nd7 {[%clk 0:19:21]} 48. Ne3 {[%clk 0:26:59]} Be6
{[%clk 0:13:58]} 49. Nc4 {[%clk 0:21:39]} Bd5 {[%clk 0:14:17]} 50. Ne3
{[%clk 0:15:45]} Be6 {[%clk 0:14:40]} 51. g4 {[%clk 0:09:43]} Nb6
{[%clk 0:13:51]} 52. Rg1 {[%clk 0:09:10]} Kc7 {[%clk 0:10:51]} 53. g5
{[%clk 0:07:11]} f5 {[%clk 0:11:16]} 54. g6 {[%clk 0:07:23]} hxg6
{[%clk 0:11:41]} 55. Rxg6 {[%clk 0:07:50]} Kd7 {[%clk 0:12:07]} 56. a5
{[%clk 0:07:37]} Nc8 {[%clk 0:11:59]} 57. h4 {[%clk 0:07:46]} f4 {[%clk 0:12:19]}
58. Ng4 {[%clk 0:06:23]} Kd6 {[%clk 0:12:21]} 59. h5 {[%clk 0:05:51]} Ne7
{[%clk 0:12:33]} 60. Rg5 {[%clk 0:06:13]} e4 {[%clk 0:11:43]} 61. h6 1-0

[Event "High League 2022 women"]
[Site "Obninsk"]
[Date "2022.07.02"]
[Round "6.13"]
[White "Kleymenova, Valeria"]
[Black "Ivanova, Anastasia S."]
[Result "1/2-1/2"]
[LiveChessVersion "1.4.7"]
[BlackElo "1922"]
[WhiteElo "2177"]

1. d4 {[%clk 1:30:58]} Nf6 {[%clk 1:30:57]} 2. c4 {[%clk 1:31:21]} g6
{[%clk 1:31:24]} 3. g3 {[%clk 1:31:44]} Bg7 {[%clk 1:31:21]} 4. Bg2
{[%clk 1:32:09]} d5 {[%clk 1:29:50]} 5. cxd5 {[%clk 1:32:29]} Nxd5
{[%clk 1:30:16]} 6. e4 {[%clk 1:32:43]} Nb6 {[%clk 1:30:19]} 7. Ne2
{[%clk 1:33:02]} c5 {[%clk 1:26:01]} 8. d5 {[%clk 1:33:03]} O-O {[%clk 1:22:05]}
9. O-O {[%clk 1:33:19]} Nc4 {[%clk 1:16:14]} 10. Qc2 {[%clk 1:26:44]} b5
{[%clk 1:13:38]} 11. a4 {[%clk 1:24:59]} Ba6 {[%clk 1:07:15]} 12. axb5
{[%clk 1:21:20]} Bxb5 {[%clk 1:07:38]} 13. Nec3 {[%clk 1:19:11]} Qb6
{[%clk 1:00:50]} 14. Rd1 {[%clk 1:11:22]} Bd7 {[%clk 0:47:13]} 15. Qe2
{[%clk 1:06:52]} Na5 {[%clk 0:37:07]} 16. Nd2 {[%clk 0:55:51]} Na6
{[%clk 0:32:39]} 17. e5 {[%clk 0:44:36]} Nb4 {[%clk 0:25:23]} 18. Rxa5
{[%clk 0:34:24]} Qxa5 {[%clk 0:24:24]} 19. Nc4 {[%clk 0:32:00]} Qa6
{[%clk 0:20:00]} 20. Bg5 {[%clk 0:29:46]} f6 {[%clk 0:15:14]} 21. Be3
{[%clk 0:28:46]} Rac8 {[%clk 0:11:29]} 22. Ne4 {[%clk 0:25:54]} Bb5
{[%clk 0:06:30]} 23. b3 {[%clk 0:25:53]} Bxc4 {[%clk 0:05:06]} 24. Qxc4
{[%clk 0:24:48]} Qxc4 {[%clk 0:02:20]} 25. bxc4 {[%clk 0:25:13]} f5
{[%clk 0:02:20]} 26. Nxc5 {[%clk 0:22:33]} Nc2 {[%clk 0:02:39]} 27. Ne6
{[%clk 0:16:30]} Nxe3 {[%clk 0:02:02]} 28. fxe3 {[%clk 0:16:55]} Rfe8
{[%clk 0:01:36]} 29. c5 {[%clk 0:15:41]} Bxe5 {[%clk 0:01:55]} 30. Bf1
{[%clk 0:12:27]} Rb8 {[%clk 0:01:42]} 31. c6 {[%clk 0:11:51]} a5 {[%clk 0:01:37]}
32. Nc5 {[%clk 0:02:40]} Rb2 {[%clk 0:01:14]} 33. Nd3 {[%clk 0:01:59]} Bf6
{[%clk 0:00:44]} 34. Nxb2 {[%clk 0:02:21]} Bxb2 {[%clk 0:01:11]} 35. Rb1
{[%clk 0:02:43]} Be5 {[%clk 0:01:28]} 36. Rb7 {[%clk 0:01:39]} Kf7
{[%clk 0:00:51]} 37. Ra7 {[%clk 0:01:08]} Rb8 {[%clk 0:00:33]} 38. Rxa5
{[%clk 0:01:17]} Rb1 {[%clk 0:00:47]} 39. Kf2 {[%clk 0:01:02]} Rb2+
{[%clk 0:00:55]} 40. Kf3 {[%clk 0:30:44]} g5 {[%clk 0:31:14]} 41. Be2
{[%clk 0:29:51]} g4+ {[%clk 0:27:09]} 42. Kf2 {[%clk 0:30:14]} Rc2
{[%clk 0:26:45]} 43. Ra4 {[%clk 0:27:09]} e6 {[%clk 0:20:35]} 44. e4
{[%clk 0:25:25]} f4 {[%clk 0:18:16]} 45. gxf4 {[%clk 0:23:51]} Bxf4
{[%clk 0:18:42]} 46. Ra7+ {[%clk 0:22:22]} Kg6 {[%clk 0:13:05]} 47. Re7
{[%clk 0:13:03]} exd5 {[%clk 0:11:38]} 48. exd5 {[%clk 0:13:22]} h5
{[%clk 0:06:46]} 49. d6 {[%clk 0:10:14]} Kf6 {[%clk 0:04:19]} 50. Rh7
{[%clk 0:09:58]} 1/2-1/2